000 00564nam a2200181Ia 4500
008 090123s9999 xx 000 0 und d
082 _b43279
100 _aपाटील मलगोंडा
245 _aसाद घालणारा युरोप
250 _a1
260 _c2008
300 _a127
600 _aपाटील मलगोंडा
630 _aसाद घालणारा युरोप
700 _aपाटील मलगोंडा
730 _aसाद घालणारा युरोप
942 _cBOOK
999 _c81380
_d81380